[Event "Fremont Weibel Quads 1"]
[Site "Fremont"]
[Date "2004.06.19"]
[Round "2"]
[White "Zhong, Tiffany"]
[Black "Lee, Gabriel Emilio"]
[Result "0-1"]
[WhiteElo "936"]
[BlackElo "909"]
[PlyCount "72"]
[EventDate "2004.06.19"]
[EventType "swiss"]
[EventRounds "3"]
[EventCountry "USA"]
[SourceTitle "EXT 2009"]
[Source "ChessBase"]
[SourceDate "2008.11.26"]
[SourceVersion "1"]
[SourceVersionDate "2008.11.26"]
[SourceQuality "1"]

1. e4 Nc6 2. Nf3 e5 3. Bc4 h6 4. 0-0 Bc5 5. Nc3 Nf6 6. d3 0-0 7. Be3 Bxe3 8. fxe3 d6 9. Nd5 Nxd5 10. exd5 Ne7 11. d4 exd4 12. Qxd4 c5 13. Qe4 Bf5 14. Qf4 Bxc2 15. Rac1 Ng6 16. Qg4 Ba4 17. Bd3 Bd7 18. Bf5 Bxf5 19. Qxf5 Ne7 20. Qe4 Re8 21. Qf4 Ng6 22. Qf5 Ne5 23. Nxe5 Rxe5 24. Qxf7+ Kh7 25. Rc4 b5 26. Rg4 Rg5 27. Rff4 Qa5 28. h4 Qe1+ 29. Kh2 Rxg4 30. Rxg4 Rg8 31. Qf5+ g6 32. Qf7+ Rg7 33. Qf8 Qxe3 34. h5 Qe5+ 35. g3 Qxh5+ 36. Kg2 Qxg4 0-1